| 000 | 00379 a2200169 4500 | ||
|---|---|---|---|
| 001 | 188693 | ||
| 020 | _a956-7433-10-0 | ||
| 040 | _cMagnum | ||
| 100 | _aRisopatrón, María Teresa | ||
| 240 | 1 | 0 |
_aDios soñó conmigo _lESP |
| 245 | 1 | 0 | _aDios soñó conmigo |
| 300 | _a14 | ||
| 362 | 0 | _a1995 | |
| 440 | 1 | _aPaulinas | |
| 697 | _aLITERATURA INFANTIL ESPANHOLA | ||
| 942 | _cBK | ||
| 999 |
_c188693 _d188693 |
||